Disco Hits 1970's & Early '80's #3 - Statistics

General Stats
  • This quiz has been taken 149 times
  • The average score is 6 of 20
Answer Stats
Song Title Answer % Correct
Kung Fu Fighting Carl Douglas
85%
Disco Duck Rick Dees & His Cast Of Idiots
62%
Lady Marmalade (1974) Labelle
61%
I'm Every Woman Chaka Khan
59%
Born To Be Alive Patrick Hernandez
42%
Yes Sir I Can Boogie Baccara
41%
I Love To Love (But My Baby Loves To Dance) Tina Charles
38%
Instant Replay Dan Hartman
28%
Queen Of Clubs KC & The Sunshine Band
24%
Ain't Gonna Bump No More (With No Big Fat Woman) Joe Tex
23%
Ai No Corrida Quincy Jones
21%
Contact Edwin Starr
19%
Mind Blowing Decisions Heatwave
19%
I Can't Stand The Rain Eruption
17%
I Haven't Stopped Dancing Yet Gonzalez
14%
Take That To The Bank Shalamar
13%
Spacer Sheila B Devotion
11%
In The Bush Musique
10%
Don't Push It Don't Force It Leon Haywood
6%
Sir Dancealot Olympic Runners
4%
No matching quizzes found
Score Distribution
Percent of People with Each Score
Percentile by Number Answered
Your Score History
You have not taken this quiz